| 000 | 00610nam a2200193 a 4500 | ||
|---|---|---|---|
| 005 | 20231027063604.0 | ||
| 008 | 160406s1998 cl r 000 0 spa d | ||
| 020 | _a9586910660 | ||
| 035 | _aUPN01000209255 | ||
| 049 | _aCG | ||
| 050 | 4 |
_aPN81 _bP4.4 |
|
| 100 | 1 |
_aPérez Abril, Mauricio _938329 |
|
| 245 | 1 | 0 |
_aLengua castellana : _blineamientos curriculares / _cMauricio Pérez Abril. |
| 260 |
_aSantafé de Bogotá : _bCooperativa Editorial Magisterio, _c1998. |
||
| 300 |
_a140 p. : _btablas |
||
| 440 | 0 |
_aLineamientos curriculares. _pDocumentos |
|
| 650 | 4 |
_aCrítica literaria _911578 |
|
| 905 | _aLibro | ||
| 999 |
_c181356 _d181356 |
||